How to unlock the secrets of love, sex, and marriage. (Record no. 14794)

000 -LEADER
fixed length control field 00685nam a2200217 a 4500
001 - CONTROL NUMBER
control field :::00012628$&:&@@
003 - CONTROL NUMBER IDENTIFIER
control field OkBaRHE
005 - DATE AND TIME OF LATEST TRANSACTION
control field 20100402122248.0
008 - FIXED-LENGTH DATA ELEMENTS--GENERAL INFORMATION
fixed length control field s1981 j 000 0 eng u
040 ## - CATALOGING SOURCE
Transcribing agency
100 1# - MAIN ENTRY--PERSONAL NAME
Personal name Wright, Rusty.
245 10 - TITLE STATEMENT
Title How to unlock the secrets of love, sex, and marriage.
Statement of responsibility, etc Forward by Josh McDowell.
260 ## - PUBLICATION, DISTRIBUTION, ETC. (IMPRINT)
Place of publication, distribution, etc Eugene, OR., :
Name of publisher, distributor, etc Harvest House Publishers
Date of publication, distribution, etc 1981
300 ## - PHYSICAL DESCRIPTION
Extent 143 p. ;
Dimensions 21 cm.
650 ## - SUBJECT ADDED ENTRY--TOPICAL TERM
Topical term or geographic name as entry element Love
650 ## - SUBJECT ADDED ENTRY--TOPICAL TERM
Topical term or geographic name as entry element Marriage
650 ## - SUBJECT ADDED ENTRY--TOPICAL TERM
Topical term or geographic name as entry element Sex
700 ## - ADDED ENTRY--PERSONAL NAME
Personal name Wright, Linda Raney, Joint author.
942 ## - ADDED ENTRY ELEMENTS (KOHA)
Source of classification or shelving scheme
Koha item type Books
Copies
Damaged status Withdrawn status Date last seen Shelving location Copy number Price effective from Permanent Location Date acquired Source of classification or shelving scheme Barcode Koha item type Not for loan Lost status Full call number
  2010-04-14General Stacks12010-04-14RHEMA Bible Training College2010-04-14 12628Books  HQ 801 .W85 1981